UBT Library

The Harvard guide to modern psychiatry / (Record no. 41575)

000 -LEADER
fixed length control field 00610pam a2200229 i 4500
001 - CONTROL NUMBER
control field 3193118
005 - DATE AND TIME OF LATEST TRANSACTION
control field 20180202034817.0
008 - FIXED-LENGTH DATA ELEMENTS--GENERAL INFORMATION
fixed length control field 770803s1978 mau b 001 0 eng
010 ## - LIBRARY OF CONGRESS CONTROL NUMBER
LC control number 77011036
020 ## - INTERNATIONAL STANDARD BOOK NUMBER
International Standard Book Number 0674375661
040 ## - CATALOGING SOURCE
Original cataloging agency DLC
Transcribing agency DLC
Modifying agency DLC
041 ## - LANGUAGE CODE
Language code of text/sound track or separate title eng
060 ## - NATIONAL LIBRARY OF MEDICINE CALL NUMBER
Classification number WM100 H337
080 ## - UNIVERSAL DECIMAL CLASSIFICATION NUMBER
Universal Decimal Classification number 616.89 arm
082 00 - DEWEY DECIMAL CLASSIFICATION NUMBER
Classification number 616.89 arm
100 ## - Rafti
Rafti 48
101 ## - Shkurtesa
Shkurtesa psi
245 04 - TITLE STATEMENT
Title The Harvard guide to modern psychiatry /
Statement of responsibility, etc edited by Armand M. Nicholi, Jr.
504 ## - BIBLIOGRAPHY, ETC. NOTE
Bibliography, etc Includes bibliographies and index.
906 ## - LOCAL DATA ELEMENT F, LDF (RLIN)
a 7
b cbc
c orignew
d 1
e ocip
f 19
g y-gencatlg
942 ## - ADDED ENTRY ELEMENTS (KOHA)
Source of classification or shelving scheme
Item type Books
Holdings
Withdrawn status Lost status Source of classification or shelving scheme Damaged status Not for loan Collection code Permanent location Current location Shelving location Date acquired Total Checkouts Full call number Barcode Date last seen Price effective from Koha item type
          Koleksioni i përgjithshem UBT - Lipjan UBT - Lipjan Koleksioni i përgjithshem 02/02/2018   616.89 arm 002-2997500 02/02/2018 02/02/2018 Books
UBT Library © 2015-2024. All rights reserved University Education for Business and Technology